000 00293nam a22001337a 4500
008 180918b xxu||||| |||| 00| 0 eng d
020 _a1556642628
041 _aeng
080 _a617
100 _a5
101 _aKIR
245 _aCurrent Therapy Vascular Surgery
_cErnst
942 _2udc
_cBK
999 _c47953
_d47953